000
00256nam a2200097Ia 4500
001
752360
005
20250826164702.0
008
250824s9999 xx 000 0 und d
245
0
_a
KÜÇÜK PRENS
_c
ANTOİNE DE SAİNT-EXUPERY
260
_b
ATLIKARINCA YAYINLARI
999
_c
752360
_d
752360